00875cam a2200253 a 4500003000500000005001700005008004100022010001000063011001000073020001500083035001100098040000900109082001600118100003000134245015200164260008700316300002100403410004900424490002500473650002500498650002400523810004900547830002500596CHAP20220329142937.0050331d2004 mx a r 00110 spa d a89925 a90897 a9685580189 a101454 cCHAP04a635.347bR600aRosales Serna, Rigoberto.14aVariedades mejorada de frijol del instituto nacional de investigaciones forestales, agrícolas y Pecuariasc/por Rigoberto Rosales Serna [y otros] aChapingo, Méx. :bINIFAP. Campo Experimental Valle de México. Chapingo,c2004. a148 p. :bilus.;00aINIFAP. Campo Experimental Valle de México 0aLibro técnicov; 614aFrijolxRendimiento.14aFrijolxVariedades.00aINIFAP. Campo Experimental Valle de México0 aLibro técnicov; 6